[Event "DEM U10/U10w 2004"]
[Site "Willingen GER"]
[Date "2004.06.01"]
[Round "5"]
[White "Babayev, Ramil"]
[Black "Osmanodja, Filiz"]
[Result "1-0"]
[Termination "normal"]
[Board "12"]
[WhiteElo "1382"]
[BlackElo "1219"]
[PlyCount "113"]
[WhiteFideId "24664243"]
[BlackFideId "24633569"]
[EventCountry "GER"]
[EventRounds "11"]
[EventType "swiss"]
[EventDate "2004.05.29"]

1. e4 c5 2. Nc3 Nc6 3. f4 g6 4. Nf3 Bg7 5. d3 e6 6. Be2 Nge7 7. O-O O-O 8. Qe1
d5 9. e5 Nb4 10. Qd1 d4 11. Ne4 b6 12. c3 Nbd5 13. c4 Nc7 14. a3 Na6 15. Bd2
Nf5 16. Qe1 Bb7 17. Ng3 Nxg3 18. Qxg3 Qd7 19. Qh4 Qc6 20. Qh3 b5 21. b3 Nc7 22.
Ng5 h6 23. Ne4 a5 24. Nd6 a4 25. Nxb7 Qxb7 26. Bf3 Qa6 27. Bxa8 Qxa8 28. bxa4
Qxa4 29. cxb5 Nxb5 30. Rfc1 Nc3 31. Bxc3 dxc3 32. Qe3 Qd4 33. Qxd4 cxd4 34. a4
Ra8 35. a5 Ra6 36. Ra4 f6 37. exf6 Bxf6 38. Kf2 Bd8 39. Kf3 Bb6 40. Ke4 Ba7 41.
g4 Kf7 42. h4 Kf6 43. g5+ Kg7 44. Rca1 Rd6 45. Rc4 Rd7 46. Ke5 Kf7 47. gxh6
Bb8+ 48. Ke4 Rd5 49. Rc8 Bd6 50. h7 Rf5 51. Rf1 c2 52. h8=Q c1=Q 53. Rcxc1 Ke7
54. Rb1 Rf8 55. Rb7+ Ke8 56. Qxf8+ Kxf8 57. a6 1-0

[Event "DEM U10/U10w 2004"]
[Site "Willingen GER"]
[Date "2004.06.01"]
[Round "5"]
[White "Orhan, Eda"]
[Black "Schmitz, Stefan"]
[Result "1-0"]
[Termination "normal"]
[Board "13"]
[WhiteElo "1312"]
[BlackElo "1328"]
[PlyCount "123"]
[WhiteFideId "24659258"]
[BlackFideId "4625730"]
[EventCountry "GER"]
[EventRounds "11"]
[EventType "swiss"]
[EventDate "2004.05.29"]

1. e4 e5 2. Nf3 Nc6 3. Bc4 Nf6 4. d3 Bc5 5. Nc3 d6 6. h3 Be6 7. Bb3 Qe7 8. Be3
Bb6 9. Qd2 O-O-O 10. Bxb6 cxb6 11. O-O Rdg8 12. Bxe6+ fxe6 13. d4 exd4 14. Nxd4
Ne5 15. Qe2 g5 16. Nf3 Nxf3+ 17. Qxf3 g4 18. hxg4 Nxg4 19. Qh3 Qg5 20. f3 Qe3+
21. Kh1 Nf2+ 22. Rxf2 Qxf2 23. Qxe6+ Kb8 24. Qxd6+ Ka8 25. Rg1 Rg6 26. Qh2 Rhg8
27. Nd5 Qg3 28. Nc7+ Kb8 29. Qxg3 Rxg3 30. Ne6 Rc8 31. c3 Rc6 32. Nf4 b5 33.
Kh2 Rg5 34. Rd1 h6 35. Nh3 Rg7 36. Rd5 a6 37. f4 b4 38. Rd3 bxc3 39. bxc3 Re6
40. e5 Kc7 41. Re3 Rf7 42. g4 Rfe7 43. Nf2 Kc6 44. Nd3 Kd5 45. Nb4+ Kc4 46.
Re4+ Kc5 47. Nd3+ Kd5 48. Rd4+ Kc6 49. f5 Rxe5 50. Nxe5+ Rxe5 51. Rd8 h5 52.
Kg3 Re3+ 53. Kh4 Rxc3 54. Rc8+ Kb5 55. Rxc3 hxg4 56. f6 g3 57. Kxg3 b6 58. f7
a5 59. f8=Q a4 60. Qe8+ Ka5 61. Ra3 b5 62. Qc6 1-0

[Event "DEM U10/U10w 2004"]
[Site "Willingen GER"]
[Date "2004.06.01"]
[Round "5"]
[White "Müller, Tobias"]
[Black "Lebek, Ricarda"]
[Result "1-0"]
[Termination "normal"]
[Board "14"]
[WhiteElo "1320"]
[BlackElo "914"]
[PlyCount "43"]
[WhiteFideId "24643394"]
[BlackFideId "4624688"]
[EventCountry "GER"]
[EventRounds "11"]
[EventType "swiss"]
[EventDate "2004.05.29"]

1. c4 e5 2. Nc3 Nc6 3. g3 Nf6 4. Bg2 d6 5. d3 Be6 6. Nf3 Qd7 7. O-O O-O-O 8. a3
Be7 9. b4 Bh3 10. Bd2 h5 11. Be3 Kb8 12. b5 Na5 13. Bd2 b6 14. Na2 Nb7 15. Nb4
e4 16. dxe4 Nxe4 17. Nc6+ Ka8 18. Nxd8 Bxd8 19. Be3 Qg4 20. Qd3 f5 21. Nd4 Nbc5
22. Nc6 {Vermutlich ist der Ka8 vom Brett gefallen und wurde versehentlich auf
b8 aufgestellt. Es folgte 22...Kc8 23.Lxc5 bxc5 24.f3 Dg4 25.fxe4 Lxg2 26.Kxg2
fxe4 27.Dxe4 h4 28.Df5+ Dxf5 29.Txf5 Lf6 30.Taf1 Kb7 31.e4 hxg3 32.hxg3 Te8 33.
Te1 a6 34.a4 Kb6 35.Kf2 Ld4+ 36.Sxd4 cxd4 37.Kf3 Ka5 38.bxa6 Kxa6 39.e5 d3 40.
Ke4 Ka5 41.e6+ Kxa4 42.Kxd3 c5 43.e7 Kb4 44.Tf8 Txe7 45.Txe7 Kb3 46.Tb7+ Ka4
47.Ta8#} 1-0

[Event "DEM U10/U10w 2004"]
[Site "Willingen GER"]
[Date "2004.06.01"]
[Round "5"]
[White "Braun, Georg"]
[Black "Hager, Joshua Aarash"]
[Result "1/2-1/2"]
[Termination "normal"]
[Board "15"]
[WhiteElo "1181"]
[BlackElo "1193"]
[PlyCount "65"]
[WhiteFideId "24629383"]
[BlackFideId "24642789"]
[EventCountry "GER"]
[EventRounds "11"]
[EventType "swiss"]
[EventDate "2004.05.29"]

1. e4 e6 2. d4 d5 3. Nc3 Bb4 4. exd5 exd5 5. Bd3 Be6 6. Bf4 c6 7. Be5 Nf6 8.
Nge2 Nbd7 9. Bg3 O-O 10. O-O Re8 11. a3 Ba5 12. b4 Bc7 13. Bxc7 Qxc7 14. Re1
Rad8 15. Qd2 h6 16. Nf4 Re7 17. Nxe6 fxe6 18. h3 e5 19. Bf5 Rde8 20. Bg6 Rd8
21. Na4 Nf8 22. Bd3 exd4 23. Rxe7 Qxe7 24. Re1 Qc7 25. Bf5 Re8 26. Rxe8 Nxe8
27. Qxd4 Qf7 28. Bg4 a6 29. Nc5 Nd6 30. a4 Kh8 31. Be2 Ne6 32. Nxe6 Qxe6 33.
Bd3 1/2-1/2

[Event "DEM U10/U10w 2004"]
[Site "Willingen GER"]
[Date "2004.06.01"]
[Round "5"]
[White "Rafayevych, Vilen"]
[Black "Korman, Jewgenija"]
[Result "1-0"]
[Termination "normal"]
[Board "16"]
[WhiteElo "1425"]
[BlackElo "1136"]
[PlyCount "99"]
[WhiteFideId "24673897"]
[BlackFideId "24606669"]
[EventCountry "GER"]
[EventRounds "11"]
[EventType "swiss"]
[EventDate "2004.05.29"]

1. d4 c6 2. c4 d5 3. Nc3 Bf5 4. cxd5 cxd5 5. Qb3 e6 6. Qxb7 Nd7 7. Bf4 Ngf6 8.
Bc7 Qc8 9. Qxc8+ Rxc8 10. Bf4 Bb4 11. Rc1 Ne4 12. Bd2 Nxd2 13. Kxd2 O-O 14. a3
Ba5 15. b4 Bb6 16. Nf3 Nf6 17. e3 Ne4+ 18. Nxe4 Rxc1 19. Kxc1 Bxe4 20. Ba6 Rd8
21. Kd2 Bc7 22. Rc1 Bxf3 23. gxf3 Bxh2 24. f4 g5 25. Rh1 Bxf4 26. exf4 gxf4 27.
Rh4 Kg7 28. Rxf4 f6 29. Rg4+ Kf7 30. f4 h5 31. Rg3 Re8 32. Be2 Rh8 33. Rh3 h4
34. Ke3 Kg6 35. Kf3 f5 36. b5 Kh5 37. a4 Kg6 38. a5 Kf6 39. b6 axb6 40. a6 Rh7
41. Bb5 Kg6 42. Bc6 Kf6 43. Bb7 Rc7 44. a7 Rc3+ 45. Kg2 Rc2+ 46. Kf1 Rc1+ 47.
Ke2 Rc2+ 48. Kd1 Ra2 49. a8=Q Rxa8 50. Bxa8 1-0

[Event "DEM U10/U10w 2004"]
[Site "Willingen GER"]
[Date "2004.06.01"]
[Round "5"]
[White "Kühnel, Lena"]
[Black "Risius, Philipp"]
[Result "1/2-1/2"]
[Termination "normal"]
[Board "17"]
[WhiteElo "1104"]
[BlackElo "1264"]
[PlyCount "134"]
[WhiteFideId "24640956"]
[BlackFideId "24630330"]
[EventCountry "GER"]
[EventRounds "11"]
[EventType "swiss"]
[EventDate "2004.05.29"]

1. e4 e5 2. Nf3 Nc6 3. Nc3 Nf6 4. Bb5 Bc5 5. Nxe5 Nxe5 6. d4 c6 7. Ba4 Bb4 8.
dxe5 Nxe4 9. Bd2 Bxc3 10. Bxc3 Nxf2 11. Kxf2 Qh4+ 12. g3 Qxa4 13. b3 Qe4 14.
Re1 Qf5+ 15. Kg2 O-O 16. Rc1 b6 17. Qf3 Qxf3+ 18. Kxf3 Bb7 19. Rcd1 Rad8 20.
Rd3 Rfe8 21. Red1 c5+ 22. Kf2 Bc6 23. R1d2 Bb5 24. Re3 Re6 25. Bb2 h6 26. c4
Bc6 27. a3 d5 28. exd6 Rexd6 29. Rxd6 Rxd6 30. Ke2 b5 31. cxb5 Bxb5+ 32. Ke1
Bd7 33. b4 cxb4 34. axb4 Rb6 35. Bc3 a6 36. Re7 Re6+ 37. Rxe6 Bxe6 38. Kf2 f5
39. Kf3 Kh7 40. h4 g5 41. hxg5 hxg5 42. Bd2 Kg6 43. Bc3 Bc8 44. Bd2 Kf6 45. Ke2
g4 46. Kd3 Ke6 47. Kd4 Kd6 48. Bf4+ Kc6 49. Kc4 Be6+ 50. Kc3 Kd5 51. Kd3 Bd7
52. Kc3 Ke4 53. Kc4 Bb5+ 54. Kc3 Kd5 55. Kb3 Kd4 56. Bd6 Ke4 57. Bf4 Kd3 58.
Bd6 Bc4+ 59. Ka3 Kc2 60. Be5 Bd3 61. Bf4 Bc4 62. Be5 Bd3 63. Bf4 Kd1 64. Be3
Ke2 65. Bf4 Kf3 66. Ka4 Ke4 67. Ka3 Kd4 1/2-1/2

[Event "DEM U10/U10w 2004"]
[Site "Willingen GER"]
[Date "2004.06.01"]
[Round "5"]
[White "Leach, Julien"]
[Black "Liptak, Patrick"]
[Result "1-0"]
[Termination "normal"]
[Board "18"]
[WhiteElo "1232"]
[BlackElo "1085"]
[PlyCount "47"]
[EventCountry "GER"]
[EventRounds "11"]
[EventType "swiss"]
[EventDate "2004.05.29"]

1. Nf3 c5 2. d3 d6 3. g3 Nf6 4. Bg2 g6 5. Bg5 Bg7 6. Nc3 O-O 7. Qd2 Be6 8. O-O
Nc6 9. h3 Qd7 10. Kh2 Nd5 11. Nxd5 Bxd5 12. c3 Qe6 13. e4 Bxa2 14. Rfe1 a5 15.
Bf1 Ne5 16. Nxe5 Bxe5 17. d4 cxd4 18. cxd4 f6 19. Be3 Bxd4 20. Qxd4 Rfc8 21.
Rec1 a4 22. Rxc8+ Rxc8 23. Qxa4 Bc4 24. Bg2 1-0

[Event "DEM U10/U10w 2004"]
[Site "Willingen GER"]
[Date "2004.06.01"]
[Round "5"]
[White "Gering, Samuel"]
[Black "Gisy, Roberto"]
[Result "1/2-1/2"]
[Termination "normal"]
[Board "19"]
[WhiteElo "1059"]
[BlackElo "1229"]
[PlyCount "59"]
[WhiteFideId "24604526"]
[EventCountry "GER"]
[EventRounds "11"]
[EventType "swiss"]
[EventDate "2004.05.29"]

1. e4 e5 2. Nf3 Nc6 3. Nc3 Nf6 4. d3 d5 5. exd5 Nxd5 6. Bd2 Be7 7. Be2 O-O 8.
Nxd5 Qxd5 9. O-O Bf5 10. c4 Qd7 11. Qc2 Rad8 12. Bc3 Bf6 13. Rad1 Rfe8 14. Rfe1
Qe6 15. b3 Rd6 16. Bf1 Qd7 17. h3 Nd4 18. Nxd4 exd4 19. Rxe8+ Qxe8 20. Re1 Qd7
21. Bb4 Rc6 22. Qe2 Re6 23. Qd2 Rb6 24. Ba3 Bd8 25. Bc5 Rg6 26. Qe2 Re6 27. Qd2
Bg5 28. Qd1 Ra6 29. Qe2 Re6 30. Qd1 1/2-1/2

[Event "DEM U10/U10w 2004"]
[Site "Willingen GER"]
[Date "2004.06.01"]
[Round "5"]
[White "Stark, Saskia"]
[Black "Döring, Stefan"]
[Result "1-0"]
[Termination "normal"]
[Board "20"]
[WhiteElo "1226"]
[BlackElo "1113"]
[PlyCount "77"]
[WhiteFideId "4601050"]
[BlackFideId "1272047"]
[EventCountry "GER"]
[EventRounds "11"]
[EventType "swiss"]
[EventDate "2004.05.29"]

1. e4 e6 2. d4 d5 3. Nd2 Nf6 4. e5 Nfd7 5. c3 c5 6. Ne2 Nc6 7. Nf3 cxd4 8. cxd4
f6 9. exf6 Nxf6 10. a3 a5 11. Nc3 Bd6 12. Bd3 O-O 13. O-O Bd7 14. Re1 Na7 15.
Qc2 Rc8 16. Ng5 Qc7 17. Qb1 Bxh2+ 18. Kf1 h6 19. Nxe6 Bxe6 20. Rxe6 Rce8 21.
Rxe8 Rxe8 22. Bd2 Qb6 23. g3 Qxd4 24. Be3 Qe5 25. Bxa7 d4 26. Ne2 Qd5 27. Ke1
Ng4 28. Qc1 Ne5 29. Kd2 Nf3+ 30. Kd1 Ra8 31. Bc4 d3 32. Bxd5+ Kh8 33. Bxf3
dxe2+ 34. Kxe2 Rxa7 35. Qc8+ Kh7 36. Be4+ g6 37. Qd7+ Kg8 38. Bxg6 Kf8 39. Qf7#
1-0

[Event "DEM U10/U10w 2004"]
[Site "Willingen GER"]
[Date "2004.06.01"]
[Round "5"]
[White "Lebeda, Timo"]
[Black "Düssler, Stefanie"]
[Result "0-1"]
[Termination "normal"]
[Board "22"]
[WhiteElo "1205"]
[BlackElo "903"]
[PlyCount "98"]
[WhiteFideId "4638565"]
[BlackFideId "4634780"]
[EventCountry "GER"]
[EventRounds "11"]
[EventType "swiss"]
[EventDate "2004.05.29"]

1. e4 e5 2. Nf3 Nf6 3. Nc3 Nc6 4. Bc4 Nxe4 5. Nxe4 d5 6. Bxd5 Qxd5 7. d3 Bf5 8.
Nc3 Qd7 9. O-O Bd6 10. Re1 O-O 11. Bg5 f6 12. Bh4 Rfe8 13. Ne4 Qf7 14. c3 Rad8
15. Qc2 Qg6 16. Rad1 Bg4 17. Ned2 Rd7 18. h3 Bxh3 19. Qb3+ Kh8 20. Bg3 Bg4 21.
Qxb7 Ne7 22. Qxa7 Nf5 23. Qa4 Rde7 24. Qe4 Bxf3 25. Qxf3 Bc5 26. Kf1 Nd6 27. b4
Bb6 28. Ne4 f5 29. Nxd6 cxd6 30. Qc6 f4 31. Bh4 Rc7 32. Qxb6 Rxc3 33. Qxd6 Qxd6
34. d4 e4 35. f3 e3 36. Re2 Qh6 37. Bf2 Kg8 38. Bg1 Rd8 39. b5 Rb8 40. Rb1 Rd3
41. Rb4 Qd6 42. Reb2 Rxd4 43. R4b3 Qc7 44. Rb1 Qc4+ 45. Ke1 Qc2 46. a3 Rbd8 47.
Rd3 Qxb1+ 48. Ke2 Qxd3+ 49. Ke1 Qd1# 0-1

[Event "DEM U10/U10w 2004"]
[Site "Willingen GER"]
[Date "2004.06.01"]
[Round "5"]
[White "Pältz, Sebastian"]
[Black "Bluma, Marcel"]
[Result "0-1"]
[Termination "normal"]
[Board "23"]
[WhiteElo "1001"]
[BlackElo "1173"]
[PlyCount "44"]
[WhiteFideId "24648027"]
[BlackFideId "1270526"]
[EventCountry "GER"]
[EventRounds "11"]
[EventType "swiss"]
[EventDate "2004.05.29"]

1. e4 e5 2. Nf3 Nc6 3. Bb5 Bc5 4. O-O Nf6 5. c3 Nxe4 6. Qe2 Nf6 7. d4 Bb6 8.
Bxc6 dxc6 9. Nxe5 O-O 10. Bg5 Re8 11. Rd1 h6 12. Bh4 g5 13. Qc4 Be6 14. Qd3
gxh4 15. Nd2 Qd6 16. Ndf3 Ng4 17. c4 Nxe5 18. Nxe5 c5 19. Qf3 cxd4 20. Re1 c6
21. Rac1 Rab8 22. c5 Bxc5 0-1

[Event "DEM U10/U10w 2004"]
[Site "Willingen GER"]
[Date "2004.06.01"]
[Round "5"]
[White "Döll, Laurin"]
[Black "Schmitt, Katrin"]
[Result "1-0"]
[Termination "normal"]
[Board "24"]
[WhiteElo "1171"]
[BlackElo "995"]
[PlyCount "99"]
[BlackFideId "24654400"]
[EventCountry "GER"]
[EventRounds "11"]
[EventType "swiss"]
[EventDate "2004.05.29"]

1. e4 e5 2. Nf3 Nc6 3. Bc4 Bc5 4. Nc3 Nf6 5. d3 d6 6. Na4 Bb6 7. c3 O-O 8. Nxb6
axb6 9. Bg5 Be6 10. Bb5 Rxa2 11. Rxa2 Bxa2 12. b3 Na5 13. Nd2 c6 14. Qc2 cxb5
15. Qxa2 Qe7 16. O-O Qe6 17. f4 h6 18. Bxf6 Qxf6 19. fxe5 Qxe5 20. d4 Qe6 21.
Rf5 Qd7 22. Qc2 Rc8 23. Qd3 Re8 24. Qxb5 Qxb5 25. Rxb5 Re6 26. Rxb6 g6 27. b4
Nc6 28. d5 Re7 29. dxc6 bxc6 30. Rxc6 Rd7 31. Nc4 d5 32. Rd6 Rxd6 33. Nxd6 dxe4
34. Nxe4 Kf8 35. c4 Ke7 36. Kf2 Kd7 37. Ke3 Kc6 38. Kd4 Kb6 39. c5+ Kc6 40. b5+
Kc7 41. Kd5 Kb7 42. Nd6+ Kc7 43. Nxf7 h5 44. b6+ Kb7 45. Nd6+ Kb8 46. Kc6 Ka8
47. Kc7 g5 48. b7+ Ka7 49. b8=Q+ Ka6 50. Qb6# 1-0

[Event "DEM U10/U10w 2004"]
[Site "Willingen GER"]
[Date "2004.06.01"]
[Round "5"]
[White "Sancar, Alina"]
[Black "Schulz, Anja"]
[Result "0-1"]
[Termination "normal"]
[Board "25"]
[WhiteElo "992"]
[BlackElo "1166"]
[PlyCount "174"]
[WhiteFideId "4624750"]
[BlackFideId "24647845"]
[EventCountry "GER"]
[EventRounds "11"]
[EventType "swiss"]
[EventDate "2004.05.29"]

1. e4 c5 2. Nf3 Nc6 3. Bc4 g6 4. c3 Bg7 5. d3 Nf6 6. O-O O-O 7. Bg5 d6 8. h3
Be6 9. Bb3 Bxb3 10. Qxb3 Qd7 11. Nbd2 Na5 12. Qc2 d5 13. e5 Ne8 14. d4 cxd4 15.
cxd4 Rc8 16. Qd1 f6 17. exf6 exf6 18. Bf4 Nd6 19. Nb3 Nac4 20. Rb1 Ne4 21. Nfd2
Rfe8 22. Nxe4 Rxe4 23. Bg3 Bh6 24. Nc5 Rxc5 25. dxc5 Qc6 26. Re1 Qxc5 27. Rxe4
dxe4 28. Qd8+ Qf8 29. Qxf8+ Kxf8 30. b3 Nd2 31. Rd1 e3 32. fxe3 Bxe3+ 33. Bf2
Bxf2+ 34. Kxf2 Ne4+ 35. Ke3 Nc3 36. Rd2 Ke7 37. a4 f5 38. g4 Ne4 39. Rd4 Ng3
40. Rb4 b6 41. gxf5 Nxf5+ 42. Kf4 h6 43. Rc4 Kd7 44. b4 a6 45. a5 b5 46. Rc2
Ng7 47. h4 Nh5+ 48. Ke5 g5 49. hxg5 hxg5 50. Rg2 Nf4 51. Rxg5 Nd3+ 52. Ke4 Nxb4
53. Rg1 Nc6 54. Ra1 Ke6 55. Kd3 Kd5 56. Kc3 Kc5 57. Kb3 Nd4+ 58. Kc3 b4+ 59.
Kd3 $11 59... Nc6 60. Kc2 Kb5 61. Kb3 Nxa5+ 62. Rxa5+ Kxa5 63. Kb2 Ka4 64. Ka2
b3+ 65. Kb2 Kb4 66. Kb1 Ka3 67. Kc1 Ka2 68. Kd2 b2 69. Kd3 b1=Q+ 70. Kd4 Qc2
71. Kd5 Qc3 72. Ke4 Qd2 73. Ke5 Qd3 74. Kf4 Qe2 75. Kf5 Qe3 76. Kg4 Qf2 77. Kg5
Qf3 78. Kh4 Qg2 79. Kh5 Qg3 80. Kh6 Qg4 81. Kh7 Qg5 82. Kh8 Kb3 83. Kh7 Kc4 84.
Kh8 Kd5 85. Kh7 Ke6 86. Kh8 Kf7 87. Kh7 Qg7# 0-1

[Event "DEM U10/U10w 2004"]
[Site "Willingen GER"]
[Date "2004.06.01"]
[Round "5"]
[White "Bialas, Daniel"]
[Black "Bashylin, Seva"]
[Result "0-1"]
[Termination "normal"]
[Board "26"]
[WhiteElo "982"]
[BlackElo "1143"]
[PlyCount "120"]
[BlackFideId "24688045"]
[EventCountry "GER"]
[EventRounds "11"]
[EventType "swiss"]
[EventDate "2004.05.29"]

1. e4 e6 2. Nf3 d5 3. e5 b6 4. d4 Ne7 5. Bg5 h6 6. Bh4 g5 7. Bg3 Ba6 8. Bxa6
Nxa6 9. Qd3 Nb8 10. c3 Qd7 11. Nbd2 Nf5 12. h3 c5 13. Nb3 c4 14. Qd1 cxb3 15.
Qxb3 Nc6 16. Qa4 Nxe5 17. Qxd7+ Nxd7 18. Be5 f6 19. Bh2 Bg7 20. O-O-O O-O 21.
Rhe1 Rfe8 22. Re2 Re7 23. Rde1 Rae8 24. g4 Nh4 25. Nxh4 gxh4 26. Bd6 Rf7 27.
Rxe6 Rxe6 28. Rxe6 Bf8 29. Re8 Kg7 30. Bxf8+ Rxf8 31. Re2 f5 32. gxf5 Rxf5 33.
b3 Nf6 34. c4 dxc4 35. bxc4 Rf4 36. c5 Rxd4 37. cxb6 axb6 38. Re6 Rd3 39. Rxb6
Rxh3 40. a4 Rh1+ 41. Kd2 h3 42. a5 h2 43. a6 Rd1+ 44. Kxd1 h1=Q+ 45. Ke2 Qa1
46. Rb7+ Kg6 47. a7 Ne8 48. Rb6+ Kf5 49. Rb5+ Ke6 50. Rb6+ Kd5 51. Rb7 Nd6 52.
Rd7 Kc4 53. Rc7+ Kb5 54. f4 Nc8 55. f5 Nxa7 56. Rf7 Qa2+ 57. Ke3 Qxf7 58. Ke4
Nc6 59. f6 Qxf6 60. Kd5 Qe5# 0-1

[Event "DEM U10/U10w 2004"]
[Site "Willingen GER"]
[Date "2004.06.01"]
[Round "5"]
[White "Barden, Andrea"]
[Black "Rutz, Maximilian"]
[Result "0-1"]
[Termination "normal"]
[Board "32"]
[WhiteElo "1115"]
[BlackElo "962"]
[PlyCount "36"]
[WhiteFideId "24698822"]
[EventCountry "GER"]
[EventRounds "11"]
[EventType "swiss"]
[EventDate "2004.05.29"]

1. c4 e5 2. Nc3 Nf6 3. g3 Nc6 4. Bg2 Bc5 5. Nf3 O-O 6. O-O d6 7. b3 Be6 8. h3
Re8 9. Bb2 Qd7 10. Kh2 Rad8 11. e3 d5 12. cxd5 Nxd5 13. d3 Bf5 14. e4 Nxc3 15.
exf5 Nxd1 16. Raxd1 Qxf5 17. Rc1 Bb6 18. Kg1 Rxd3 0-1

[Event "DEM U10/U10w 2004"]
[Site "Willingen GER"]
[Date "2004.06.01"]
[Round "5"]
[White "Strohmann, Marc"]
[Black "Prymak, Anna"]
[Result "1-0"]
[Termination "normal"]
[Board "33"]
[WhiteElo "1248"]
[BlackElo "774"]
[PlyCount "53"]
[EventCountry "GER"]
[EventRounds "11"]
[EventType "swiss"]
[EventDate "2004.05.29"]

1. f4 e5 2. fxe5 d6 3. exd6 Bxd6 4. Nf3 Nf6 5. e3 a6 6. b3 Ng4 7. Bb2 h5 8.
Bxg7 Rh7 9. Bb2 h4 10. Bd3 Rh6 11. Qe2 h3 12. g3 Nd7 13. Nc3 Qf6 14. O-O-O Nde5
15. Nxe5 Bxe5 16. Rdf1 Qg7 17. Bc4 b5 18. Bxf7+ Ke7 19. Bd5 b4 20. Rf7+ Qxf7
21. Bxf7 Kxf7 22. Qf3+ Rf6 23. Qxa8 Be6 24. Nd1 c5 25. Bxe5 Nxe5 26. Qxa6 c4
27. Qb7+ 1-0

[Event "DEM U10/U10w 2004"]
[Site "Willingen GER"]
[Date "2004.06.01"]
[Round "5"]
[White "Dietrich, Christoph"]
[Black "Göbel, Constantin"]
[Result "1/2-1/2"]
[Termination "normal"]
[Board "34"]
[WhiteElo "815"]
[BlackElo "1237"]
[PlyCount "56"]
[BlackFideId "24647071"]
[EventCountry "GER"]
[EventRounds "11"]
[EventType "swiss"]
[EventDate "2004.05.29"]

1. e4 e6 2. d4 d5 3. e5 c5 4. c3 Nc6 5. Nf3 Qb6 6. Be2 f6 7. exf6 Nxf6 8. O-O
Bd6 9. Re1 O-O 10. Bd3 c4 11. Bc2 Qc7 12. h3 Bd7 13. Nbd2 Rae8 14. Nf1 b5 15.
a3 e5 16. dxe5 Nxe5 17. Nxe5 Rxe5 18. Rxe5 Bxe5 19. Bg5 Qb6 20. Bxf6 Rxf6 21.
Qxd5+ Kh8 22. Qxe5 Rxf2 23. Qd4 Qxd4 24. cxd4 Rxc2 25. Rb1 Bf5 26. Ne3 Rxg2+
27. Kxg2 Bxb1 28. Nd1 Kg8 1/2-1/2

[Event "DEM U10/U10w 2004"]
[Site "Willingen GER"]
[Date "2004.06.01"]
[Round "5"]
[White "Mirke, Roy"]
[Black "Falke, Johannes"]
[Result "1-0"]
[Termination "normal"]
[Board "35"]
[WhiteElo "1227"]
[BlackElo "761"]
[PlyCount "63"]
[WhiteFideId "24647306"]
[EventCountry "GER"]
[EventRounds "11"]
[EventType "swiss"]
[EventDate "2004.05.29"]

1. e4 e5 2. Nf3 Nc6 3. Bc4 Nf6 4. d3 Bc5 5. Bg5 d6 6. h3 h6 7. Bh4 g5 8. Bg3
Bd7 9. Nc3 a6 10. a3 Qe7 11. Qd2 O-O-O 12. Nd5 Nxd5 13. Bxd5 f5 14. O-O-O f4
15. Bh2 Nd4 16. Nxd4 Bxd4 17. Qb4 b6 18. Qd2 h5 19. c3 Bc5 20. b4 Bxf2 21. Qxf2
g4 22. Bg1 g3 23. Qe1 Rhg8 24. Bxg8 Rxg8 25. Qe2 h4 26. Rd2 Rg7 27. d4 Qf8 28.
Qxa6+ Kd8 29. dxe5 dxe5 30. Qa8+ Ke7 31. Rxd7+ Kxd7 32. Qxf8 1-0

[Event "DEM U10/U10w 2004"]
[Site "Willingen GER"]
[Date "2004.06.01"]
[Round "5"]
[White "Blankenstein, Julius"]
[Black "Rührmund, Daniel"]
[Result "0-1"]
[Termination "normal"]
[Board "38"]
[WhiteElo "786"]
[BlackElo "1122"]
[PlyCount "68"]
[BlackFideId "24674583"]
[EventCountry "GER"]
[EventRounds "11"]
[EventType "swiss"]
[EventDate "2004.05.29"]

1. d4 d5 2. c4 c6 3. Nc3 Nf6 4. e3 Bf5 5. Nf3 Nbd7 6. Be2 dxc4 7. Bxc4 e6 8. a4
Bb4 9. Bd2 O-O 10. O-O Bd6 11. e4 Nxe4 12. Nxe4 Bxe4 13. Ng5 Bg6 14. Re1 Qc7
15. Nf3 Bh5 16. g3 Qd8 17. Be2 Bg6 18. Rc1 Nf6 19. Bg5 Be7 20. Bf4 Nd5 21. Bd2
Rc8 22. Ne5 c5 23. Nxg6 fxg6 24. Bg4 Kh8 25. Bxe6 Rc7 26. Ba5 b6 27. Bd2 Bg5
28. Bxd5 Qxd5 29. Re5 Qxd4 30. Rxg5 Qxf2+ 31. Kh1 Rd7 32. Rc2 Re7 33. Rc1 Re2
34. Bc3 Qxh2# 0-1

[Event "DEM U10/U10w 2004"]
[Site "Willingen GER"]
[Date "2004.06.02"]
[Round "6"]
[White "Boos, Philipp"]
[Black "Ma, Beini"]
[Result "1-0"]
[Termination "normal"]
[Board "1"]
[WhiteElo "1442"]
[BlackElo "1312"]
[PlyCount "135"]
[BlackFideId "24630101"]
[EventCountry "GER"]
[EventRounds "11"]
[EventType "swiss"]
[EventDate "2004.05.29"]

1. d4 Nf6 2. c4 e6 3. Nc3 Bb4 4. e3 c5 5. a3 Bxc3+ 6. bxc3 b6 7. Nf3 d5 8. Bd3
O-O 9. O-O Nc6 10. Qc2 dxc4 11. Bxc4 Qc7 12. Bd3 h6 13. e4 e5 14. d5 Ne7 15.
Rd1 c4 16. Be2 Ng6 17. a4 Ba6 18. Ba3 Rfe8 19. Rd2 Nf4 20. d6 Nxe2+ 21. Rxe2
Qb7 22. Rd1 Nd7 23. Red2 Red8 24. Rd5 Nf6 25. Rxe5 Re8 26. Re7 Qc6 27. Ne5 Qxe4
28. Qxe4 Nxe4 29. d7 Red8 30. Nc6 Nxc3 31. Rde1 Kh7 32. Nxd8 Rxd8 33. Rxf7 Kg6
34. Re8 Kxf7 35. Rxd8 Ke6 36. Ra8 Kxd7 37. Rxa7+ Kc6 38. Rxg7 Ne2+ 39. Kf1 c3
40. Ke1 Bd3 41. Re7 Nd4 42. Kd1 Bf1 43. g3 Bc4 44. f4 Bb3+ 45. Kc1 Bxa4 46. Bb4
c2 47. Bc3 Nb5 48. Bb2 Nd6 49. Re2 Kc5 50. Ba3+ Kd5 51. Rd2+ Kc4 52. Bxd6 b5
53. Rxc2+ Bxc2 54. Kxc2 Kd5 55. Be5 Ke6 56. Bg7 h5 57. h3 Kf5 58. Kd2 b4 59.
Ke3 b3 60. Bb2 Kg6 61. Ke4 Kf7 62. f5 Kf8 63. Ke5 Ke7 64. f6+ Kf7 65. Kf5 Kf8
66. Kg6 Kg8 67. f7+ Kf8 68. Ba3# 1-0

[Event "DEM U10/U10w 2004"]
[Site "Willingen GER"]
[Date "2004.06.02"]
[Round "6"]
[White "Wittke, Rene"]
[Black "Kazman, Caner"]
[Result "1-0"]
[Termination "normal"]
[Board "3"]
[WhiteElo "1523"]
[BlackElo "1259"]
[PlyCount "61"]
[WhiteFideId "24640255"]
[BlackFideId "24684953"]
[EventCountry "GER"]
[EventRounds "11"]
[EventType "swiss"]
[EventDate "2004.05.29"]

1. e4 e6 2. d4 d5 3. Nd2 Nf6 4. e5 Nfd7 5. Bd3 c5 6. c3 Nc6 7. Ne2 Qb6 8. Nf3
f6 9. exf6 Nxf6 10. O-O Be7 11. Re1 O-O 12. Nf4 cxd4 13. cxd4 Nb4 14. Bb1 Bd7
15. a3 Na6 16. Ng5 Nc7 17. Qc2 Ne4 18. Nxe4 dxe4 19. Qxe4 Rf5 20. g4 Bc6 21.
Qc2 Rf6 22. Qxh7+ Kf8 23. Qh8+ Kf7 24. Bg6+ Rxg6 25. Qh5 Ke8 26. Qxg6+ Kd8 27.
Nxe6+ Kc8 28. Nxc7 Qxc7 29. Qe6+ Kd8 30. d5 Bd7 31. Qxe7+ 1-0

[Event "DEM U10/U10w 2004"]
[Site "Willingen GER"]
[Date "2004.06.02"]
[Round "6"]
[White "Osmanodja, Bilgin"]
[Black "Riabov, Igor"]
[Result "1-0"]
[Termination "normal"]
[Board "4"]
[WhiteElo "1388"]
[BlackElo "1353"]
[PlyCount "103"]
[EventCountry "GER"]
[EventRounds "11"]
[EventType "swiss"]
[EventDate "2004.05.29"]

1. e4 e6 2. d4 d5 3. Nc3 Bb4 4. e5 c5 5. h3 Bxc3+ 6. bxc3 Ne7 7. Qg4 cxd4 8.
Qxg7 Rg8 9. Qxh7 Qc7 10. Ne2 dxc3 11. f4 Bd7 12. Qd3 Nbc6 13. Nxc3 a6 14. Bd2
O-O-O 15. Rb1 Nf5 16. Qxa6 Be8 17. Qb6 Qxb6 18. Rxb6 Ncd4 19. Rb2 Bc6 20. Kf2
Kc7 21. Nb5+ Kd7 22. Nxd4 Nxd4 23. c3 Nf5 24. Bb5 Bxb5 25. Rxb5 Kc7 26. Rhb1
Rb8 27. g3 Rg7 28. Be3 Nxe3 29. Kxe3 Rgg8 30. Rc5+ Kd7 31. Rb6 Rgd8 32. Rd6+
Ke7 33. Rc7+ Ke8 34. Rxd8+ Rxd8 35. Rxb7 Rc8 36. Kd3 Rc4 37. Rb4 Rc6 38. c4 Ke7
39. cxd5 exd5 40. Kd4 Ke6 41. g4 f5 42. exf6 Kxf6 43. Kxd5 Ra6 44. a4 Re6 45.
Re4 Rb6 46. Rc4 Rb2 47. h4 Rd2+ 48. Rd4 Rh2 49. h5 Rh4 50. g5+ Kf5 51. h6 Rh5
52. a5 1-0